[Event "XV Open Nicolo' La Rosa"]
[Site "Mazara del Vallo ITA"]
[Date "2007.08.11"]
[Round "3"]
[White "Di Misa, Salvatore"]
[Black "Pipitone, Andrea"]
[Result "1-0"]
[WhiteElo "1548"]
[BlackElo "1254"]
[PlyCount "45"]
[EventDate "2007.08.10"]

1. d4 c5 2. d5 e6 3. c4 exd5 4. cxd5 b6 5. Nc3 Nf6 6. Bg5 Be7 7. Bxf6 Bxf6 8.
e4 O-O 9. Bd3 d6 10. f4 Bh4+ 11. g3 Bf6 12. Qc2 Qe7 13. Nf3 Bg4 14. O-O Bh3 15.
Rfe1 Bg4 16. Rf1 Bf5 17. exf5 Qe3+ 18. Kg2 Qe8 19. Rae1 Qd8 20. g4 Re8 21. Ne5
Na6 22. a3 Re7 23. Bxa6 {...} 1-0

[Event "XV Open Nicolo' La Rosa"]
[Site "Mazara del Vallo ITA"]
[Date "2007.08.11"]
[Round "3"]
[White "Di Misa, Serafino"]
[Black "Imburgia, Giuseppe"]
[Result "0-1"]
[WhiteElo "1491"]
[BlackElo "1557"]
[PlyCount "50"]
[EventDate "2007.08.10"]

1. e4 e5 2. Nf3 Nc6 3. Bc4 d6 4. h3 Nf6 5. Nc3 Be7 6. d3 h6 7. Be3 O-O 8. Qd2
Na5 9. Bb3 c5 10. O-O Nc6 11. Nd5 Nxd5 12. Bxd5 Nd4 13. Nh2 Be6 14. Bb3 Bxb3
15. cxb3 f5 16. f4 fxe4 17. fxe5 dxe5 18. Rxf8+ Qxf8 19. Rf1 Qe8 20. Ng4 h5 21.
Nxe5 Bf6 22. Nc4 Qg6 23. dxe4 b5 24. Nd6 Rd8 25. Nf5 Nf3+ 0-1

[Event "XV Open Nicolo' La Rosa"]
[Site "Mazara del Vallo ITA"]
[Date "2007.08.11"]
[Round "3"]
[White "Ferrante, Filippo"]
[Black "Castelli, Giovanni J."]
[Result "1-0"]
[WhiteElo "1514"]
[BlackElo "1476"]
[PlyCount "61"]
[EventDate "2007.08.10"]

1. Nf3 Nf6 2. g3 g6 3. Bg2 Bg7 4. d3 O-O 5. Nbd2 d6 6. O-O e5 7. c3 Nc6 8. e4
Nh5 9. b4 f5 10. exf5 Bxf5 11. Ne4 Qd7 12. Nh4 Bh3 13. Bxh3 Qxh3 14. Ng5 Qd7
15. Ne4 Nf6 16. Bg5 Nxe4 17. dxe4 Rf7 18. Qd2 Qe6 19. Qd5 Qg4 20. Be3 Bf6 21.
Ng2 a6 22. f4 Raf8 23. fxe5 Nxe5 24. Rxf6 Kg7 25. Rxf7+ Rxf7 26. Bd4 Re7 27.
Rf1 Kh6 28. Bxe5 Rxe5 29. Qd2+ Kg7 30. Qf4 Qe6 31. Qf8# 1-0

[Event "XV Open Nicolo' La Rosa"]
[Site "Mazara del Vallo ITA"]
[Date "2007.08.11"]
[Round "3"]
[White "Iracani, Michele"]
[Black "Marturana, Daniele"]
[Result "1-0"]
[WhiteElo "1615"]
[BlackElo "1491"]
[PlyCount "73"]
[EventDate "2007.08.10"]

1. e4 c5 2. Nf3 Nc6 3. d4 cxd4 4. Nxd4 g6 5. Be3 Bg7 6. Bc4 d6 7. Qd2 Nf6 8. f3
O-O 9. Nc3 Re8 10. O-O-O Na5 11. Be2 a6 12. g4 b5 13. Bh6 Bh8 14. Qg5 Nd7 15.
b4 Bf6 16. Qe3 Nc4 17. Bxc4 bxc4 18. Nd5 Bb7 19. Nxf6+ Nxf6 20. Nf5 d5 21. h4
Qc7 22. h5 dxe4 23. hxg6 fxg6 24. Ng7 Qe5 25. c3 Red8 26. Bf4 Qb5 27. Ne6 Rd7
28. Rxd7 Qxd7 29. Nc5 Qc6 30. Be5 Rf8 31. Qh6 Kf7 32. Bxf6 Qxf6 33. Qd2 Bc8 34.
Rxh7+ Ke8 35. Nxe4 Qxf3 36. Nd6+ exd6 37. Qe1+ 1-0

[Event "XV Open Nicolo' La Rosa"]
[Site "Mazara del Vallo ITA"]
[Date "2007.08.11"]
[Round "3"]
[White "La Bella, Alessio"]
[Black "Melia, Lorenzo"]
[Result "0-1"]
[WhiteElo "1452"]
[BlackElo "1736"]
[PlyCount "100"]
[EventDate "2007.08.10"]

1. e4 c5 2. d3 g6 3. Nf3 Bg7 4. c3 e6 5. g3 Ne7 6. Bg2 O-O 7. O-O Nbc6 8. d4
cxd4 9. cxd4 d6 10. Re1 Re8 11. Nc3 a6 12. d5 exd5 13. exd5 Ne5 14. Bf4 Nc4 15.
Bf1 Nb6 16. a4 Bxc3 17. bxc3 Nbxd5 18. Bh6 Nf5 19. Qxd5 Nxh6 20. Ng5 Rf8 21.
Bc4 Bf5 22. h4 Qc7 23. f3 Rac8 24. Ba2 Qc5+ 25. Qxc5 Rxc5 26. g4 Bd3 27. Re3
Bc4 28. Ne4 Rc7 29. Bxc4 Rxc4 30. Nxd6 Rc7 31. Rb1 f5 32. gxf5 Nxf5 33. Nxf5
Rxf5 34. Rbe1 Rc4 35. Re8+ Kg7 36. R1e7+ Rf7 37. Rxf7+ Kxf7 38. Rb8 Rxa4 39.
Rxb7+ Kg8 40. Rb4 Ra3 41. c4 Rxf3 42. c5 Rc3 43. Rb8+ Kg7 44. Rb7+ Kh6 45. Rc7
a5 46. c6 a4 47. Ra7 a3 48. c7 a2 49. c8=Q a1=Q+ 50. Kf2 Qb2+ 0-1

[Event "XV Open Nicolo' La Rosa"]
[Site "Mazara del Vallo ITA"]
[Date "2007.08.11"]
[Round "3"]
[White "La Bella, Massimiliano"]
[Black "Bonanno, Giuseppe"]
[Result "1-0"]
[WhiteElo "1826"]
[BlackElo "1569"]
[PlyCount "23"]
[EventDate "2007.08.10"]

1. Nf3 c6 2. e4 d5 3. exd5 cxd5 4. d4 Nf6 5. Nc3 e6 6. Bd3 Bd6 7. O-O O-O 8.
Bg5 Nc6 9. Re1 Bd7 10. Ne5 Be7 11. Re3 Ne8 12. Bxh7+ 1-0

[Event "XV Open Nicolo' La Rosa"]
[Site "Mazara del Vallo ITA"]
[Date "2007.08.11"]
[Round "3"]
[White "Lo Duca, Francesco"]
[Black "La Spada, Giorgia"]
[Result "1-0"]
[WhiteElo "1467"]
[BlackElo "1440"]
[PlyCount "85"]
[EventDate "2007.08.10"]

1. e4 e5 2. d3 Nf6 3. Nf3 Nc6 4. g3 Bb4+ 5. Bd2 Bc5 6. Bg2 O-O 7. O-O d6 8. Bg5
Qe8 9. Bxf6 Bg4 10. Bg5 Nb4 11. a3 Nc6 12. b4 Bb6 13. Nc3 a5 14. b5 Nd4 15. Nd5
Bc5 16. Nxc7 Qc8 17. Nxa8 Qxa8 18. Be3 Ne6 19. Bxc5 Nxc5 20. Qd2 Qe8 21. Qxa5
Bd7 22. a4 b6 23. Qxb6 Ne6 24. Qxd6 Qd8 25. Nxe5 Ng5 26. Nxd7 Ne6 27. Bh3 Re8
28. a5 Nc7 29. b6 Ne6 30. a6 h6 31. a7 Qc8 32. a8=Q Qxa8 33. Rxa8 Rxa8 34. Bxe6
fxe6 35. Qxe6+ Kh8 36. b7 Rd8 37. b8=Q Rxb8 38. Nxb8 Kh7 39. Ra1 h5 40. Nc6 Kh8
41. c3 Kh7 42. Qf5+ Kh8 43. Ra8# 1-0

[Event "XV Open Nicolo' La Rosa"]
[Site "Mazara del Vallo ITA"]
[Date "2007.08.11"]
[Round "3"]
[White "Marino, Davide"]
[Black "Solinas, Vittorio"]
[Result "1/2-1/2"]
[WhiteElo "1583"]
[BlackElo "1446"]
[PlyCount "103"]
[EventDate "2007.08.10"]

1. e4 e5 2. Nf3 Nc6 3. Bc4 Bc5 4. b4 Bxb4 5. c3 Bc5 6. d4 exd4 7. Qb3 Qe7 8.
Bg5 f6 9. Bf4 Qxe4+ 10. Kd1 Qxf4 11. Bxg8 Nd8 12. Re1+ Ne6 13. Bxe6 dxe6 14.
Qb5+ c6 15. Qxc5 Bd7 16. Qxd4 Qxd4+ 17. cxd4 O-O-O 18. Nc3 e5 19. dxe5 Bh3+ 20.
Kc2 Bxg2 21. Nh4 Bh3 22. exf6 gxf6 23. Ne4 Rhf8 24. Nc5 Rd4 25. Re4 Rfd8 26.
Rae1 f5 27. Rxd4 Rxd4 28. Re8+ Rd8 29. Rxd8+ Kxd8 30. Ne6+ Ke7 31. Nf4 Bf1 32.
Nxf5+ Kf6 33. Nh5+ Kxf5 34. Ng3+ Kf4 35. Nxf1 Kf3 36. Nd2+ Kxf2 37. Ne4+ Kg2
38. Kd2 Kxh2 39. Nd6 b5 40. Nc8 a5 41. Na7 h5 42. Nxc6 a4 43. Ke3 Kg3 44. Nd4
b4 45. Ke2 Kg2 46. Ke1 h4 47. Ne2 b3 48. axb3 axb3 49. Kd2 h3 50. Nf4+ Kg3 51.
Nxh3 Kxh3 52. Kc3 1/2-1/2

[Event "XV Open Nicolo' La Rosa"]
[Site "Mazara del Vallo ITA"]
[Date "2007.08.11"]
[Round "3"]
[White "Messina, Damiano"]
[Black "Bocci, Alessandro"]
[Result "1/2-1/2"]
[WhiteElo "2033"]
[BlackElo "1929"]
[PlyCount "82"]
[EventDate "2007.08.10"]

1. e4 c5 2. Nf3 Nc6 3. d4 cxd4 4. Nxd4 Qc7 5. Be3 e6 6. c4 a6 7. a3 Nf6 8. Nc3
Be7 9. Be2 O-O 10. O-O b6 11. Rc1 Nxd4 12. Bxd4 Bb7 13. Bd3 Bd6 14. h3 Be5 15.
Bxe5 Qxe5 16. Qe2 Nh5 17. Bb1 Nf4 18. Qe3 f5 19. f3 Rf6 20. Ne2 fxe4 21. Bxe4
Bxe4 22. fxe4 Nxe2+ 23. Qxe2 Rc8 24. Rxf6 gxf6 25. Qd3 d5 26. exd5 exd5 27. Rc2
Qe4 28. Qxe4 dxe4 29. Kf2 Kf7 30. Ke3 f5 31. g4 Kf6 32. Rd2 Rxc4 33. gxf5 Ke5
34. Rf2 Rc6 35. f6 Rxf6 36. Rxf6 Kxf6 37. Kxe4 Ke6 38. b3 a5 39. a4 h6 40. h4
h5 41. Kf4 Kf6 1/2-1/2

[Event "XV Open Nicolo' La Rosa"]
[Site "Mazara del Vallo ITA"]
[Date "2007.08.11"]
[Round "3"]
[White "Napoli, Nicolo'"]
[Black "Montalto, Antonio"]
[Result "1-0"]
[WhiteElo "2277"]
[BlackElo "1814"]
[PlyCount "59"]
[EventDate "2007.08.10"]

1. e4 e5 2. Nf3 Nc6 3. d4 Nxd4 4. Nxe5 Ne6 5. Bc4 Nf6 6. Nc3 c6 7. O-O d6 8.
Nxf7 Kxf7 9. f4 Be7 10. f5 Rf8 11. Bg5 d5 12. exd5 Nxg5 13. d6+ Ke8 14. Re1
Bxf5 15. Rxe7+ Qxe7 16. dxe7 Kxe7 17. Qd4 g6 18. Re1+ Nge4 19. Nxe4 Nxe4 20.
Qg7+ Kd6 21. Rd1+ Kc5 22. Qd4+ Kb4 23. a3+ Ka5 24. b4+ Ka4 25. Bb3+ Kb5 26.
Bc4+ Ka4 27. Qe3 Nc5 28. bxc5 Bxc2 29. Qc3 a5 30. Qxc2+ 1-0

[Event "XV Open Nicolo' La Rosa"]
[Site "Mazara del Vallo ITA"]
[Date "2007.08.11"]
[Round "3"]
[White "Oddo, Salvatore"]
[Black "Cerami, Giuseppe"]
[Result "1-0"]
[WhiteElo "1601"]
[BlackElo "1781"]
[PlyCount "81"]
[EventDate "2007.08.10"]

1. Nf3 d5 2. g3 Nf6 3. Bg2 c6 4. d3 g6 5. O-O Bg7 6. Re1 Bg4 7. Nbd2 O-O 8. c3
Nbd7 9. Qc2 Qb6 10. e4 dxe4 11. dxe4 Rad8 12. Nf1 Bxf3 13. Bxf3 Ne5 14. Bg2 Nd3
15. Re2 Ng4 16. Be3 Nxe3 17. Nxe3 Rd7 18. Bf1 Ne5 19. Bg2 Rfd8 20. Rd1 Rxd1+
21. Nxd1 Bh6 22. Ne3 Rd7 23. h3 Qd8 24. f4 Nd3 25. Ng4 Bg7 26. e5 Nc1 27. Re1
Nd3 28. Rd1 c5 29. Bf3 c4 30. Ne3 b5 31. Bc6 Rc7 32. Bxb5 Rb7 33. Bxc4 Qa8 34.
Rxd3 Rc7 35. Qd2 Qf3 36. Nd5 Qxd3 37. Qxd3 Rb7 38. b3 Kf8 39. Nb4 Rb8 40. Qd5
e6 41. Qd6+ 1-0

[Event "XV Open Nicolo' La Rosa"]
[Site "Mazara del Vallo ITA"]
[Date "2007.08.11"]
[Round "3"]
[White "Palazzotto, Roberto"]
[Black "Sgarito, Lino"]
[Result "1-0"]
[WhiteElo "1725"]
[BlackElo "1464"]
[PlyCount "76"]
[EventDate "2007.08.10"]

1. e4 e5 2. Nf3 d6 3. d4 Nd7 4. Be3 Ngf6 5. Nbd2 g6 6. c3 Bg7 7. Be2 O-O 8. O-O
Re8 9. d5 h6 10. h3 b6 11. c4 Nh5 12. b4 Nf4 13. c5 Nxe2+ 14. Qxe2 bxc5 15.
bxc5 Nb8 16. Rfc1 f5 17. Nb3 fxe4 18. Nfd2 Ba6 19. Nc4 Nd7 20. Qg4 Qf6 21. Qxd7
Re7 22. Qg4 Bc8 23. Qe2 Ba6 24. Nbd2 Qf7 25. Nxe4 Qxd5 26. Bxh6 Bb7 27. f3 Ba6
28. Bxg7 Kxg7 29. Qc2 Rb8 30. Ne3 Qd4 31. Qc3 d5 32. Qxd4 exd4 33. Nxd5 Rd7 34.
Nf4 Rb2 35. c6 Re7 36. Nc5 g5 37. Nfe6+ Kf6 38. Nxd4 38... Bc8 {...} 1-0

[Event "XV Open Nicolo' La Rosa"]
[Site "Mazara del Vallo ITA"]
[Date "2007.08.11"]
[Round "3"]
[White "Pellegrino, Giuseppe"]
[Black "Morello, Guido"]
[Result "0-1"]
[WhiteElo "1739"]
[BlackElo "1752"]
[PlyCount "58"]
[EventDate "2007.08.10"]

1. b3 d5 2. Bb2 Nc6 3. e3 e5 4. Bb5 f6 5. Ne2 Bd7 6. Nbc3 Nge7 7. Ba3 a6 8.
Bxc6 Bxc6 9. O-O Qd7 10. d4 O-O-O 11. Bc5 Ng6 12. b4 Bxc5 13. bxc5 e4 14. a4 h5
15. Nb5 Kb8 16. c4 Nh4 17. Nf4 g5 18. cxd5 gxf4 19. dxc6 Qg7 20. g3 Nf3+ 21.
Kg2 h4 22. Rh1 fxg3 23. fxg3 hxg3 24. h3 Nh4+ 25. Kg1 g2 26. Rh2 Qg3 27. Nxc7
Nf3+ 28. Qxf3 exf3 29. Nxa6+ Ka7 0-1

[Event "XV Open Nicolo' La Rosa"]
[Site "Mazara del Vallo ITA"]
[Date "2007.08.11"]
[Round "3"]
[White "Piazza, Massimiliano"]
[Black "La Bella, Roberto"]
[Result "0-1"]
[WhiteElo "1428"]
[BlackElo "2075"]
[PlyCount "148"]
[EventDate "2007.08.10"]

1. d4 Nf6 2. Nf3 e6 3. e3 c5 4. c3 Nc6 5. Bd3 d5 6. Nbd2 cxd4 7. exd4 Bd6 8.
O-O O-O 9. Re1 Qc7 10. Qe2 Re8 11. Ne5 Bxe5 12. dxe5 Nd7 13. f4 b6 14. Nf3 Nc5
15. Bc2 Ba6 16. Qd1 Rad8 17. Nd4 Nd7 18. Nxc6 Qxc6 19. Be3 Nb8 20. Qd4 Qc7 21.
Rad1 Bc4 22. Qd2 Rc8 23. Bd4 Nc6 24. Re3 Nxd4 25. Qxd4 Qc5 26. Rh3 h6 27. Rg3
Rc7 28. Qxc5 bxc5 29. b3 Ba6 30. Rd2 Rd8 31. Rh3 d4 32. c4 Bb7 33. Rg3 Bc6 34.
Rh3 a5 35. a4 Rdd7 36. Rg3 Rb7 37. Rh3 Kf8 38. Rg3 Rb8 39. Kf2 d3 40. Bd1 Be4
41. Re3 Rd4 42. g3 Ke7 43. Kg1 g5 44. fxg5 hxg5 45. Kf2 Kf8 46. Kg1 Kg7 47. Kf2
Kg6 48. g4 Rh8 49. Kg3 Rh4 50. h3 Rh8 51. Kf2 Rf8 52. Kg3 f5 53. exf6 Rxf6 54.
Re1 Rf4 55. Re3 e5 56. Re1 Kf6 57. Re3 Ke6 58. Re1 Kd6 59. Re3 Rf1 60. Kh2 Bg6
61. Kg2 Rf8 62. Bf3 e4 63. Bd1 Ke5 64. Kg3 Rd6 65. Rf2 Rdf6 66. Rxf6 Rxf6 67.
Kg2 Kd4 68. Re1 e3 69. Bf3 Rxf3 70. Kxf3 Be4+ 71. Kg3 d2 72. Rd1 Kd3 73. h4
gxh4+ 74. Kxh4 e2 0-1

[Event "XV Open Nicolo' La Rosa"]
[Site "Mazara del Vallo ITA"]
[Date "2007.08.11"]
[Round "3"]
[White "Pipitone, Claudio"]
[Black "Melograni, Francesco"]
[Result "0-1"]
[WhiteElo "1646"]
[BlackElo "1709"]
[PlyCount "56"]
[EventDate "2007.08.10"]

1. d4 d5 2. c4 e6 3. Nf3 Nf6 4. Bg5 Be7 5. e3 b6 6. Nc3 Nbd7 7. Bd3 Bb7 8. O-O
O-O 9. Qe2 Re8 10. e4 Nxe4 11. Bxe7 Nxc3 12. bxc3 Qxe7 13. Rfe1 c5 14. cxd5
Bxd5 15. c4 Bxf3 16. Qxf3 cxd4 17. Qe4 Nf6 18. Qxd4 Rad8 19. Qe3 Rd7 20. Qf3
Red8 21. Rad1 Qb4 22. Re3 Ng4 23. Bxh7+ Kxh7 24. Qe4+ f5 25. Rh3+ Nh6 26. Rxh6+
gxh6 27. Rxd7+ Rxd7 28. Qc2 Qe1# 0-1

[Event "XV Open Nicolo' La Rosa"]
[Site "Mazara del Vallo ITA"]
[Date "2007.08.11"]
[Round "3"]
[White "Profera, Bruno"]
[Black "Mondello, Simone"]
[Result "0-1"]
[WhiteElo "1380"]
[BlackElo "1641"]
[PlyCount "106"]
[EventDate "2007.08.10"]

1. e4 c6 2. Nf3 d5 3. exd5 cxd5 4. Bb5+ Bd7 5. Bxd7+ Qxd7 6. d4 Nc6 7. Nc3 Nf6
8. Bg5 e6 9. Bxf6 gxf6 10. O-O Rg8 11. Qd3 f5 12. Rfe1 O-O-O 13. a4 Bd6 14. Nb5
a6 15. Nxd6+ Qxd6 16. Qc3 Kb8 17. Ne5 Nxe5 18. dxe5 Qe7 19. Qh3 Qg5 20. Qg3 Qd2
21. Qd3 Qxd3 22. cxd3 Rc8 23. b4 Rc3 24. b5 axb5 25. axb5 Rxd3 26. Ra2 Rc3 27.
Rea1 Kc7 28. g3 Kb6 29. Ra8 Rxa8 30. Rxa8 Kxb5 31. Rf8 Rc7 32. Kf1 Kc4 33. Ke2
b5 34. Ra8 b4 35. Ra1 Kb3 36. h3 Kb2 37. Ra5 b3 38. Kd3 Kb1 39. Kd2 b2 40. f4
Rc2+ 41. Kd1 Rc4 42. Ra7 Rd4+ 43. Ke2 Kc1 44. Rc7+ Rc4 45. Rxc4+ dxc4 46. Ke3
b1=Q 47. Kd4 Qd3+ 48. Kc5 c3 49. g4 Kb2 50. gxf5 c2 51. fxe6 c1=Q+ 52. Kb4
Qcc4+ 53. Ka5 Qb5# 0-1

[Event "XV Open Nicolo' La Rosa"]
[Site "Mazara del Vallo ITA"]
[Date "2007.08.11"]
[Round "3"]
[White "Riceputi, Vincenzo"]
[Black "Palazzotto, Giuseppe"]
[Result "0-1"]
[WhiteElo "1882"]
[BlackElo "1887"]
[PlyCount "62"]
[EventDate "2007.08.10"]

1. e4 c5 2. Nf3 d6 3. d4 cxd4 4. Nxd4 Nf6 5. Nc3 g6 6. Bc4 Bg7 7. O-O O-O 8.
Bb3 Nc6 9. Be3 Ng4 10. Nxc6 bxc6 11. Bg5 Qc7 12. h3 Nf6 13. Qd2 Rd8 14. Rad1
Bb7 15. Qf4 c5 16. Bxf6 Bxf6 17. Nd5 Bxd5 18. Bxd5 Rab8 19. b3 Qa5 20. a4 Qc3
21. Qd2 Qe5 22. Qa5 e6 23. f4 Qb2 24. Bc4 Qxc2 25. e5 dxe5 26. Rxd8+ Rxd8 27.
Qxa7 exf4 28. Rxf4 Rd1+ 29. Rf1 Bd4+ 30. Kh1 Rxf1+ 31. Bxf1 Qf2 0-1

[Event "XV Open Nicolo' La Rosa"]
[Site "Mazara del Vallo ITA"]
[Date "2007.08.11"]
[Round "3"]
[White "Roberti, Ignazio"]
[Black "Fiducioso, Marco"]
[Result "0-1"]
[WhiteElo "1960"]
[BlackElo "2019"]
[PlyCount "96"]
[EventDate "2007.08.10"]

1. d4 d5 2. Nf3 Nf6 3. c4 c6 4. Nc3 e6 5. cxd5 exd5 6. g3 Bd6 7. Bg2 h6 8. Qc2
O-O 9. O-O Re8 10. Re1 Na6 11. a3 Bg4 12. e4 Nxe4 13. Nxe4 Bxf3 14. Bxf3 f5 15.
Qb3 fxe4 16. Rxe4 Rxe4 17. Bxe4 Qe7 18. Bf3 Rf8 19. Bd2 Qf6 20. Kg2 Qxd4 21.
Be3 Qf6 22. Bxa7 Bc5 23. Bxc5 Nxc5 24. Qe3 d4 25. Qe2 d3 26. Qe3 Qxb2 27. Rc1
Nb3 28. Rc4 Nd2 29. Rf4 Rxf4 30. gxf4 Nxf3 31. Qe8+ Kh7 32. Qe4+ g6 33. Kxf3
Qe2+ 34. Qxe2 dxe2 35. Kxe2 Kg7 36. Kd3 Kf6 37. Kd4 Ke6 38. Kc5 Kd7 39. Kb6 Kd6
40. a4 c5 41. a5 c4 42. Kxb7 c3 43. a6 c2 44. a7 c1=Q 45. a8=Q Qc6+ 46. Ka7
Qa4+ 47. Kb7 Qb5+ 48. Kc8 Qd7+ 0-1

[Event "XV Open Nicolo' La Rosa"]
[Site "Mazara del Vallo ITA"]
[Date "2007.08.11"]
[Round "3"]
[White "Salvato, Angela"]
[Black "Nobile, Angelo"]
[Result "1-0"]
[WhiteElo "1569"]
[BlackElo "1413"]
[PlyCount "61"]
[EventDate "2007.08.10"]

1. e4 e6 2. Bc4 d5 3. Bd3 Bc5 4. Nh3 Nf6 5. Nc3 O-O 6. Qf3 dxe4 7. Nxe4 Nxe4 8.
Bxe4 Nd7 9. O-O Qf6 10. Qh5 Qh6 11. Qe2 Nf6 12. d4 Bxd4 13. Bxh6 Bxb2 14. Rad1
Bd7 15. Bxb7 Rad8 16. Rd3 Bb5 17. Be4 Bxd3 18. cxd3 Nxe4 19. Qxb2 gxh6 20. dxe4
f6 21. Nf4 e5 22. Ne6 Rb8 23. Qe2 Rfe8 24. Qg4+ Kf7 25. Qg7+ Kxe6 26. Qxc7 Ra8
27. Rd1 Re7 28. Qc6+ Kf7 29. Qxa8 Kg6 30. Qg8+ Kh5 31. Rd3 1-0

[Event "XV Open Nicolo' La Rosa"]
[Site "Mazara del Vallo ITA"]
[Date "2007.08.11"]
[Round "3"]
[White "Sgarito, Carmelo"]
[Black "Messina, Marco"]
[Result "0-1"]
[WhiteElo "1925"]
[BlackElo "2051"]
[PlyCount "104"]
[EventDate "2007.08.10"]

1. d4 d5 2. Nf3 Nf6 3. Bg5 Ne4 4. Bf4 Nd7 5. Nbd2 Ndf6 6. e3 Bg4 7. Be2 e6 8.
c4 Bd6 9. Ne5 Bxe2 10. Qxe2 Bb4 11. Nef3 Nxd2 12. Nxd2 Ne4 13. a3 Bxd2+ 14. Kf1
Bxe3 15. Qxe3 O-O 16. f3 Nd6 17. c5 Nf5 18. Qd2 Qf6 19. Rd1 b6 20. Bg5 Qg6 21.
g4 h6 22. gxf5 Qxg5 23. Qxg5 hxg5 24. cxb6 cxb6 25. fxe6 fxe6 26. Ke2 Rac8 27.
Rc1 Rc4 28. Rxc4 dxc4 29. Rg1 Rf5 30. Ke3 Kf7 31. a4 Ra5 32. Ra1 b5 33. Kd2
Rxa4 34. Rxa4 bxa4 35. Kc3 Kf6 36. Kxc4 Kf5 37. Kc5 Kf4 38. Kd6 Ke3 39. Ke5 a6
40. h3 a5 41. Kxe6 Kxd4 42. Kf5 Kc4 43. Kxg5 Kb3 44. Kg6 Kxb2 45. Kxg7 a3 46.
f4 a2 47. f5 a1=Q 48. f6 Kc2 49. h4 Qg1+ 50. Kf7 Qg4 51. Ke8 Qxh4 52. f7 Qh5
0-1

[Event "XV Open Nicolo' La Rosa"]
[Site "Mazara del Vallo ITA"]
[Date "2007.08.11"]
[Round "4"]
[White "Bocci, Alessandro"]
[Black "Melograni, Francesco"]
[Result "1/2-1/2"]
[WhiteElo "1929"]
[BlackElo "1709"]
[PlyCount "66"]
[EventDate "2007.08.10"]

1. d4 d5 2. Nf3 Nf6 3. c4 e6 4. Nc3 Nbd7 5. cxd5 exd5 6. Bg5 Be7 7. e3 c6 8.
Bd3 O-O 9. Qc2 Re8 10. O-O Nf8 11. Bxf6 Bxf6 12. b4 Bg4 13. Nd2 Qd7 14. Na4 Bh5
15. Nc5 Qc7 16. Rfc1 Bg6 17. Rab1 Bxd3 18. Qxd3 Ne6 19. Nxe6 Rxe6 20. b5 Rc8
21. bxc6 Rxc6 22. Rxc6 Qxc6 23. Qb5 b6 24. Qxc6 Rxc6 25. Rb2 Kf8 26. Kf1 Ke7
27. Ke2 Kd7 28. Kd3 Kc7 29. Nb1 a6 30. Nc3 Kd6 31. Rb3 Bd8 32. Ra3 b5 33. Rb3
Ba5 1/2-1/2

[Event "XV Open Nicolo' La Rosa"]
[Site "Mazara del Vallo ITA"]
[Date "2007.08.11"]
[Round "4"]
[White "Bruno, Yama"]
[Black "La Bella, Alessio"]
[Result "1-0"]
[WhiteElo "1659"]
[BlackElo "1452"]
[PlyCount "95"]
[EventDate "2007.08.10"]

1. d4 c6 2. c4 d5 3. Nc3 Nf6 4. Nf3 Bg4 5. Qb3 b6 6. Ne5 dxc4 7. Qxc4 Be6 8.
Qd3 g6 9. g3 Nd5 10. Nxd5 cxd5 11. Bg2 Bg7 12. Qb5+ Nd7 13. Nxd7 Qxd7 14. Qxd7+
Bxd7 15. Bxd5 Rd8 16. e3 O-O 17. Bb7 e5 18. d5 Bf5 19. f3 e4 20. f4 Rd7 21. Bc6
Rd6 22. Bd2 Bxb2 23. Rb1 Ba3 24. Bb4 Bxb4+ 25. Rxb4 Be6 26. dxe6 Rxc6 27. exf7+
Rxf7 28. O-O Re7 29. Rf2 Rec7 30. Rxe4 Rc1+ 31. Kg2 R7c2 32. Ra4 a5 33. h3 Rc4
34. Rxc4 Rxc4 35. Rb2 Re4 36. Kf3 Re6 37. g4 Kg7 38. a4 h6 39. Rb5 Rc6 40. h4
Rd6 41. Ke4 Rc6 42. Kd5 Rf6 43. g5 Rf5+ 44. Kc6 Rxb5 45. Kxb5 hxg5 46. hxg5 Kf7
47. Kxb6 Ke6 48. Kxa5 1-0

[Event "XV Open Nicolo' La Rosa"]
[Site "Mazara del Vallo ITA"]
[Date "2007.08.11"]
[Round "4"]
[White "Castelli, Giovanni J."]
[Black "Di Misa, Serafino"]
[Result "1/2-1/2"]
[WhiteElo "1476"]
[BlackElo "1491"]
[PlyCount "82"]
[EventDate "2007.08.10"]

1. e4 d5 2. exd5 Qxd5 3. Nc3 Qa5 4. d4 c6 5. Nf3 Nf6 6. Bd2 Qc7 7. Bc4 Bf5 8.
Ne5 e6 9. g4 Bg6 10. Nxg6 hxg6 11. f4 Bd6 12. Qf3 Nbd7 13. O-O-O Nb6 14. Bb3
O-O-O 15. Kb1 Bb4 16. a3 Bxc3 17. Bxc3 Nfd5 18. Bd2 Rh7 19. Be3 Rdh8 20. h3 Rd8
21. Rd3 Nxe3 22. Qxe3 Kb8 23. Re1 Rhh8 24. Qe5 Qxe5 25. fxe5 Rd7 26. Rf1 Nd5
27. Bxd5 cxd5 28. Rdf3 Rf8 29. g5 Kc8 30. b4 Kd8 31. Kb2 Rc7 32. Rc3 Rd7 33.
Kb3 Ke7 34. Rcf3 Rc7 35. h4 Rfc8 36. c3 b5 37. Kc2 a6 38. R1f2 Rb8 39. Kb3 Rbc8
40. Ra2 Rh8 41. Rf4 Rhc8 1/2-1/2

[Event "XV Open Nicolo' La Rosa"]
[Site "Mazara del Vallo ITA"]
[Date "2007.08.11"]
[Round "4"]
[White "Cerami, Giuseppe"]
[Black "Alcide, Fabio"]
[Result "1/2-1/2"]
[WhiteElo "1781"]
[BlackElo "1595"]
[PlyCount "55"]
[EventDate "2007.08.10"]

1. e4 e5 2. f4 exf4 3. Nf3 d6 4. Bc4 h6 5. O-O Be7 6. d4 Nd7 7. Bxf4 Nb6 8. Bb3
Nf6 9. Nbd2 c6 10. c3 Be6 11. e5 Nfd5 12. Bxd5 Nxd5 13. exd6 Bxd6 14. Bxd6 Qxd6
15. Re1 O-O 16. Ne5 c5 17. Ne4 Qb6 18. Nc4 Qc6 19. Nxc5 Nxc3 20. bxc3 Bxc4 21.
Qg4 Rfe8 22. Rxe8+ Rxe8 23. Qd7 Qxd7 24. Nxd7 Re2 25. a3 Rc2 26. Re1 Rxc3 27.
Re8+ Kh7 28. Nf8+ 1/2-1/2

[Event "XV Open Nicolo' La Rosa"]
[Site "Mazara del Vallo ITA"]
[Date "2007.08.11"]
[Round "4"]
[White "Colicchia, Vincenzo"]
[Black "Pellegrino, Giuseppe"]
[Result "1-0"]
[WhiteElo "1835"]
[BlackElo "1739"]
[PlyCount "107"]
[EventDate "2007.08.10"]

1. e4 Nf6 2. e5 Nd5 3. c4 Nb6 4. d4 d6 5. exd6 exd6 6. Nf3 Be7 7. Bd3 Nc6 8.
Nc3 Bg4 9. Be3 Nb4 10. Be2 d5 11. c5 Nc4 12. Qa4+ Nc6 13. b3 Nxe3 14. fxe3 a6
15. b4 O-O 16. O-O Bg5 17. Nxg5 Qxg5 18. Kf2 Qh4+ 19. Kg1 Bxe2 20. Nxe2 Rfe8
21. Rf3 Ne7 22. Raf1 f5 23. Qc2 Qe4 24. Qd1 Ng6 25. Ng3 Qe6 26. Nxf5 Qe4 27.
Ng3 Qe7 28. Qd3 Nh4 29. Nf5 Nxf3+ 30. Rxf3 Qe4 31. Qd1 Rf8 32. Rf4 Qe6 33. Qg4
Rxf5 34. Qxf5 Qxe3+ 35. Kf1 Qc1+ 36. Kf2 Qd2+ 37. Kg3 Qe1+ 38. Kh3 Qe3+ 39. g3
Qe7 40. Qxd5+ Kh8 41. Rf7 Qe3 42. Qf3 Qh6+ 43. Kg2 Rg8 44. Qf4 Qe6 45. Rxc7
Qxa2+ 46. Kh3 Qe6+ 47. g4 Re8 48. Rxb7 h5 49. Rb6 hxg4+ 50. Qxg4 Qb3+ 51. Kh4
g5+ 52. Qxg5 Re4+ 53. Kh5 Qf3+ 54. Kg6 1-0

[Event "XV Open Nicolo' La Rosa"]
[Site "Mazara del Vallo ITA"]
[Date "2007.08.11"]
[Round "4"]
[White "D'Angelo, Giovanni"]
[Black "Di Liberti, Ivan"]
[Result "0-1"]
[WhiteElo "1440"]
[BlackElo "1635"]
[PlyCount "95"]
[EventDate "2007.08.10"]

1. e4 e6 2. d4 d5 3. e5 c5 4. Nf3 Nc6 5. Bb5 Bd7 6. Bxc6 Bxc6 7. O-O Ne7 8. Bg5
h6 9. Bh4 g5 10. Bg3 Nf5 11. c3 h5 12. h3 g4 13. hxg4 hxg4 14. Nh2 Nh6 15. Nxg4
Qg5 16. Nxh6 Qxh6 17. f3 Be7 18. Qd2 Bg5 19. f4 Bh4 20. Qf2 O-O-O 21. Bxh4 Qxh4
22. Qxh4 Rxh4 23. Nd2 Rdh8 24. Nb3 Bb5 25. Rfe1 c4 26. Nd2 Rxf4 27. Rf1 Rfh4
28. Nf3 R4h6 29. Ng5 Be8 30. Kf2 f6 31. exf6 Rxf6+ 32. Ke2 Rg6 33. Nf3 Rxg2+
34. Rf2 Rg3 35. Ne5 Bg6 36. Raf1 Bd3+ 37. Nxd3 Rxd3 38. Rf6 Rh2+ 39. R1f2 Rxf2+
40. Rxf2 Kd7 41. Rf7+ Kc6 42. Rf3 Rxf3 43. Kxf3 Kd6 44. Kf4 a6 45. a4 b6 46.
Kg4 e5 47. Kg5 e4 48. Kf4 0-1

[Event "XV Open Nicolo' La Rosa"]
[Site "Mazara del Vallo ITA"]
[Date "2007.08.11"]
[Round "4"]
[White "Di Dia, Benedetto"]
[Black "Iracani, Michele"]
[Result "0-1"]
[WhiteElo "1584"]
[BlackElo "1615"]
[PlyCount "64"]
[EventDate "2007.08.10"]

1. e4 d5 2. exd5 Nf6 3. Nf3 Nxd5 4. Bc4 Nc6 5. d4 Nb6 6. Bb5 Bd7 7. Nc3 a6 8.
Be2 g6 9. d5 Nb8 10. Be3 Bg7 11. Bd4 O-O 12. Bxg7 Kxg7 13. Qd4+ f6 14. Ng5 Kg8
15. Nge4 c6 16. Bc4 Nxc4 17. Qxc4 b5 18. Qb3 Kg7 19. O-O-O Qc7 20. d6 exd6 21.
Nxd6 c5 22. Qd5 Bc6 23. Qe6 Nd7 24. Nd5 Bxd5 25. Rxd5 Ne5 26. Re1 Nf7 27. Nxf7
Rae8 28. Qd6 Rxe1+ 29. Kd2 Qxd6 30. Nxd6 Re5 31. Rxe5 fxe5 32. f3 Rd8 0-1